000 00746nam a2200289Ia 4500
005 20260324112426.0
008 008 260324s9999 xx 000 0 eng d
020 _a9781003404231
037 _aEBOOK
040 _aCRL
040 _beng
040 _cCRL
041 _2eng
041 _aeng
084 _qCRL
100 _aMaura Sellars; Scott Imig; Doug Imig
_91142646
245 0 _aSupporting Young Children of Immigrants and Refugees
245 4 _bThe Promise and Practices of Early Care and Learning
260 _bTaylor and Francis
260 _c2024
365 _a
365 _b230
856 _uhttp://www.taylorfrancis.com/books/9781003404231
942 _cEBOOK
999 _c1731845
_d1731845